000 00183 a2200097 4500
020 _a9780884483014
041 _aeng
100 _aDarragh aileen
245 _aGive a goat
942 _cBK
999 _c9581
_d9581